000 01526cam a2200361 a 4500
001 49194142
003 OCoLC
005 20241025094951.0
008 020422s2001 tnu 000 0 eng d
010 _a 2002280055
020 _a0849917395
_q(pbk.)
020 _a9780849917394
_q(pbk.)
035 _a(OCoLC)49194142
040 _aDPL
_beng
_cDLC
_dDPL
_dBAKER
_dCBC
_dBTCTA
_dYDXCP
_dSGB
_dOCLCF
_dOCLCQ
_dAUY
_dOCLCQ
_dXBE
_dOCLCO
_dCIRBC
042 _alccopycat
050 0 0 _aBR1604.23
_b.E96 2001
082 0 0 _a272.0922
_221
092 0 _a272.0922
_bE9698
245 0 0 _aExtreme devotion /
_cthe Voice of the Martyrs.
260 _aNashville, Tenn. :
_bW Pub. Group,
_c©2001.
300 _ax, 368 pages ;
_c23 cm
336 _atext
_btxt
_2rdacontent
337 _aunmediated
_bn
_2rdamedia
338 _avolume
_bnc
_2rdacarrier
520 _aThis daily devotional features hundreds of stories of ancient to modern day believersmany of whose stories are published here for the first timewho sacrificed everything for Christ. Each true account concludes with a life application and a Bible verse to challenge you to live out your own extreme devotion.
650 0 _aPersecution
_xHistory
_vCase studies.
_9298
650 0 _aEvangelistic work
_xHistory
_vCase studies.
_9299
650 0 _aChristian martyrs
_xHistory
_vCase studies.
_9300
655 7 _aCase studies.
_2fast
_0(OCoLC)fst01423765
_9301
655 7 _aHistory.
_2fast
_0(OCoLC)fst01411628
_9130
710 2 _aVoice of the Martyrs (Organization)
_9302
942 _2ddc
_cBK
999 _c11209
_d11209